000 00579nas a2200193 i 4500
001 183432
003 ES-MaACL
005 20250217134913.0
008 140421q18711879ag ar m | |spa d
080 _a354.21(821.2)(060.55)
110 1 _aArgentina.
_bMinisterio de Hacienda de la Nación.
_9174783
245 1 0 _aMemoria de las oficinas del Departamento de Hacienda.
260 _aBuenos Aires :
_b[Ministerio de Hacienda,
_c1871-1879]
300 _a9 v. ;
_c26 cm.
310 _aAnual
852 4 _aES-MaACL
_jG-6841-49
866 0 _o1871-79.
999 _c183432
_d183432